000 00237nam a2200109Ia 4500
999 _c8600
_d8600
020 _a978-0132555937
100 _aHamdy A. Taha
245 0 _aOperations Research
260 _aIndia
_bWorld Scientific
_c2000
300 _a925
942 _cBK